Classifica Marcatori UEFA Champions League 2013-2014 - Statistics

Statistiche generali
  • Questo quiz è stato fatto 48 volte
  • Il punteggio medio è 17 su 21
Statistiche sulle risposte
Gol Nazione Squadra Calciatore % Corretto
17 Portogallo Real Madrid Cristiano Ronaldo
100%
8 Argentina Barcellona Lionel Messi
100%
6 Polonia Borussia Dortmund Robert Lewandowski
98%
10 Svezia Paris Saint-Germain Zlatan Ibrahimović
98%
6 Galles Real Madrid Gareth Bale
95%
4 Argentina Napoli Gonzalo Higuain
95%
6 Argentina Manchester City Sergio Agüero
95%
5 Cile Juventus Artuto Vidal
93%
4 Uruguay Paris Saint-Germain Edinson Cavani
93%
5 Francia Real Madrid Karim Benzema
93%
5 Germania Borussia Dortmund Marco Reus
91%
4 Paesi Bassi Manchester United Robin van Persie
91%
4 Brasile Barcellona Neymar
88%
5 Germania Bayern Monaco Thomas Müller
88%
4 Paesi Bassi Bayern Monaco Arjen Robben
86%
8 Brasile/Spagna Atletico Madrid Diego Costa
81%
4 Spagna Chelsea Fernando Torres
81%
4 Turchia Atletico Madrid Arda Turan
67%
4 Brasile Zenti San Pietroburgo Hulk
63%
5 Spagna Manchester City Álvaro Negredo
12%
4 Spagna Atletico Madrid Raúl García
9%
Nessun quiz corrispondente trovato
Distribuzione punteggi
Percentuale di utenti per punteggio
Percentile per numero di risposta
I tuoi punteggi nel tempo
Non hai fatto questo quiz